[Event "D"]
[Site "?"]
[Date "2018.08.25"]
[Round "4.3"]
[White "Szuber, Dawid"]
[Black "Sokol, Maria"]
[Result "0-1"]
[BlackElo "1304"]
[WhiteElo "1349"]
[LiveChessVersion "1.4.8"]

1. e4 {[%clk 1:30:58]} c5 {[%clk 1:30:54]} 2. Nf3 {[%clk 1:31:24]} e6
{[%clk 1:31:16]} 3. d4 {[%clk 1:31:49]} cxd4 {[%clk 1:31:40]} 4. Nxd4
{[%clk 1:32:16]} a6 {[%clk 1:32:01]} 5. Nc3 {[%clk 1:32:28]} Qc7 {[%clk 1:32:24]}
6. Bd3 {[%clk 1:32:25]} Nf6 {[%clk 1:32:45]} 7. O-O {[%clk 1:32:34]} Be7
{[%clk 1:33:09]} 8. Qe2 {[%clk 1:32:24]} d6 {[%clk 1:33:33]} 9. Bd2
{[%clk 1:31:49]} b5 {[%clk 1:31:57]} 10. a3 {[%clk 1:31:50]} Bb7 {[%clk 1:30:56]}
11. f3 {[%clk 1:31:21]} Nbd7 {[%clk 1:28:51]} 12. Kh1 {[%clk 1:29:54]} O-O
{[%clk 1:25:38]} 13. Nb3 {[%clk 1:26:54]} d5 {[%clk 1:13:06]} 14. exd5
{[%clk 1:24:48]} Nxd5 {[%clk 1:13:07]} 15. Be4 {[%clk 1:23:11]} Nxc3
{[%clk 1:11:47]} 16. Bxc3 {[%clk 1:23:27]} Bf6 {[%clk 1:11:41]} 17. Nd4
{[%clk 1:22:18]} Rac8 {[%clk 1:08:18]} 18. Bxb7 {[%clk 1:22:06]} Qxb7
{[%clk 1:08:42]} 19. Qd2 {[%clk 1:22:08]} Rfd8 {[%clk 1:07:41]} 20. Ne2
{[%clk 1:21:40]} Nb6 {[%clk 1:07:29]} 21. Qe1 {[%clk 1:16:20]} Bxc3
{[%clk 1:07:42]} 22. Nxc3 {[%clk 1:16:35]} Nd5 {[%clk 1:08:07]} 23. Nxd5
{[%clk 1:16:39]} Rxd5 {[%clk 1:08:29]} 24. c3 {[%clk 1:16:40]} Rcd8
{[%clk 1:08:54]} 25. Qe2 {[%clk 1:16:20]} Rd2 {[%clk 1:09:17]} 26. Qe1
{[%clk 1:15:26]} Rxb2 {[%clk 1:07:37]} 27. Rd1 {[%clk 1:15:30]} Rxd1
{[%clk 1:08:02]} 28. Qxd1 {[%clk 1:15:54]} Qd5 {[%clk 1:08:28]} 29. Qa1
{[%clk 1:14:44]} Qd2 {[%clk 1:08:49]} 30. Rg1 {[%clk 1:15:08]} g6
{[%clk 1:09:03]} 31. a4 {[%clk 1:15:12]} Qxc3 {[%clk 1:06:16]} 32. Rc1
{[%clk 1:13:52]} Qd2 {[%clk 1:06:22]} 33. Rg1 {[%clk 1:13:41]} Qc2
{[%clk 1:05:23]} 34. axb5 {[%clk 1:13:52]} axb5 {[%clk 1:05:45]} 35. Qa8+
{[%clk 1:13:50]} Kg7 {[%clk 1:06:10]} 36. Qa7 {[%clk 1:13:43]} Qc3
{[%clk 1:05:43]} 37. Qa1 {[%clk 1:12:20]} Rc2 {[%clk 1:06:03]} 38. Qb1
{[%clk 1:12:27]} b4 {[%clk 1:06:30]} 39. Qd1 {[%clk 1:11:07]} b3 {[%clk 1:06:53]}
40. Qd6 {[%clk 1:10:08]} Rc1 {[%clk 1:06:52]} 41. h3 {[%clk 1:10:12]} Rxg1+
{[%clk 1:07:16]} 42. Kxg1 {[%clk 1:10:34]} b2 {[%clk 1:07:43]} 43. Qb6
{[%clk 1:10:36]} Qe1+ {[%clk 1:07:51]} 44. Kh2 {[%clk 1:10:55]} b1=Q
{[%clk 1:08:13]} 45. Qd4+ {[%clk 1:11:00]} e5 {[%clk 1:08:37]} 46. Qd5
{[%clk 1:11:21]} Qg1+ {[%clk 1:08:59]} 47. Kg3 {[%clk 1:11:43]} Qbe1+
{[%clk 1:09:26]} 48. Kg4 {[%clk 1:11:56]} h5+ {[%clk 1:09:49]} 49. Kg5
{[%clk 1:12:11]} f6# 0-1

[Event "D"]
[Site "?"]
[Date "2018.08.25"]
[Round "4.4"]
[White "Goral, Jan"]
[Black "Chmiel, Pawel"]
[Result "0-1"]
[BlackElo "1220"]
[WhiteElo "1471"]
[LiveChessVersion "1.4.8"]

1. d4 d5 2. Nf3 Nf6 3. g3 Bf5 4. c4 e6 5. Bg2 c6 6. b3 Bb4+ 7. Bd2 Bxd2+ 8. Nbxd2
O-O 9. Nh4 Bg6 10. Nxg6 fxg6 11. O-O Qd6 12. c5 Qc7 13. Nf3 Nbd7 14. Ng5 Rfe8 15.
Bh3 Nf8 16. Qd3 e5 17. Bg2 exd4 18. Rfe1 Qe7 19. Qxd4 N6d7 20. Nh3 Qxc5 21. Qxc5
Nxc5 22. Nf4 Nfe6 23. Nxe6 Nxe6 24. e3 Re7 25. Rac1 Rae8 26. b4 a6 27. a4 d4 28.
Rcd1 dxe3 29. Rxe3 Nc7 30. Rde1 Rxe3 31. Rxe3 Rxe3 32. fxe3 Nd5 33. Bxd5+ cxd5
34. e4 d4 35. Kf2 Kf7 36. Kf3 Ke6 37. Kf4 g5+ 38. Kf3 Ke5 39. h3 h5 40. g4 hxg4+
41. hxg4 b5 42. a5 g6 43. Kf2 Kxe4 44. Ke2 d3+ 45. Kd2 Kd4 46. Kd1 Kc3 47. Kc1
Kxb4 48. Kd2 Kc4 49. Kd1 b4 50. Kd2 b3 51. Kc1 Kc3 52. Kb1 d2 53. Ka1 d1=Q# 0-1

[Event "D"]
[Site "?"]
[Date "2018.08.25"]
[Round "4.5"]
[White "Bednarczyk, Mateusz"]
[Black "Bochenek, Ryszard"]
[Result "1-0"]
[BlackElo "1274"]
[WhiteElo "1451"]
[LiveChessVersion "1.4.8"]

1. e4 {[%clk 1:30:58]} e6 {[%clk 1:30:27]} 2. d4 {[%clk 1:31:25]} d5
{[%clk 1:30:50]} 3. exd5 {[%clk 1:31:50]} exd5 {[%clk 1:31:14]} 4. Nf3
{[%clk 1:32:16]} c6 {[%clk 1:30:48]} 5. h3 {[%clk 1:32:12]} Bd6 {[%clk 1:31:05]}
6. c4 {[%clk 1:32:35]} Ne7 {[%clk 1:30:54]} 7. Nc3 {[%clk 1:32:58]} Bc7
{[%clk 1:30:58]} 8. Be2 {[%clk 1:33:19]} O-O {[%clk 1:31:11]} 9. O-O
{[%clk 1:33:45]} Bf5 {[%clk 1:31:23]} 10. Bg5 {[%clk 1:26:46]} f6
{[%clk 1:28:04]} 11. Be3 {[%clk 1:23:46]} Bg6 {[%clk 1:27:52]} 12. c5
{[%clk 1:21:37]} Re8 {[%clk 1:26:02]} 13. Bd3 {[%clk 1:18:34]} Nf5
{[%clk 1:24:33]} 14. Bxf5 {[%clk 1:18:45]} Bxf5 {[%clk 1:24:57]} 15. b4
{[%clk 1:17:23]} Na6 {[%clk 1:24:00]} 16. Rc1 {[%clk 1:16:55]} Nxb4
{[%clk 1:24:09]} 17. Qb3 {[%clk 1:17:22]} Nd3 {[%clk 1:23:13]} 18. Rcd1
{[%clk 1:17:50]} Rb8 {[%clk 1:23:29]} 19. Nh4 {[%clk 1:17:49]} Qd7
{[%clk 1:23:24]} 20. Nxf5 {[%clk 1:14:04]} Qxf5 {[%clk 1:23:38]} 21. Qb1
{[%clk 1:13:18]} Qd7 {[%clk 0:57:08]} 22. Rxd3 {[%clk 1:11:13]} f5
{[%clk 0:57:02]} 23. Bd2 {[%clk 1:10:25]} Rf8 {[%clk 0:55:40]} 24. Ne2
{[%clk 1:09:18]} f4 {[%clk 0:56:01]} 25. Rf3 {[%clk 1:06:42]} Rbe8
{[%clk 0:55:33]} 26. Re1 {[%clk 1:02:17]} g5 {[%clk 0:54:41]} 27. Qd3
{[%clk 0:49:15]} Qg7 {[%clk 0:54:28]} 28. g4 {[%clk 0:40:30]} Re4
{[%clk 0:52:02]} 29. Qc3 {[%clk 0:31:08]} Rfe8 {[%clk 0:50:56]} 30. Nc1
{[%clk 0:29:27]} R8e7 {[%clk 0:50:50]} 31. Nb3 {[%clk 0:25:10]} Qf6
{[%clk 0:49:31]} 32. Rb1 {[%clk 0:22:19]} a6 {[%clk 0:47:55]} 33. Nc1
{[%clk 0:21:53]} Bb8 {[%clk 0:47:11]} 34. Nb3 Bc7 {[%clk 0:47:21]} 35. Qb4
{[%clk 0:18:53]} Bb8 {[%clk 0:47:21]} 36. Qb6 {[%clk 0:18:43]} Rd7
{[%clk 0:47:16]} 37. Bc3 {[%clk 0:17:42]} Qe7 {[%clk 0:47:22]} 38. Na5
{[%clk 0:16:52]} Bc7 {[%clk 0:47:13]} 39. Qb2 {[%clk 0:16:31]} Bxa5
{[%clk 0:47:25]} 40. Bxa5 {[%clk 0:16:52]} Re2 {[%clk 0:47:38]} 41. Bd2
{[%clk 0:16:25]} Qe4 {[%clk 0:47:03]} 42. Rb3 {[%clk 0:16:03]} Qe7
{[%clk 0:46:54]} 43. Qc3 {[%clk 0:16:15]} Qf7 {[%clk 0:45:48]} 44. Qd3
{[%clk 0:16:21]} Qe7 {[%clk 0:46:07]} 45. Rxb7 {[%clk 0:13:05]} Rxb7
{[%clk 0:45:54]} 46. Rxb7 {[%clk 0:13:30]} Rxd2 {[%clk 0:46:17]} 47. Rb8+
{[%clk 0:13:51]} Kg7 {[%clk 0:46:21]} 48. Qxd2 {[%clk 0:14:18]} 1-0

[Event "D"]
[Site "?"]
[Date "2018.08.25"]
[Round "4.6"]
[White "Grzebieniowski, Michal"]
[Black "Sleczka, Krzysztof"]
[Result "0-1"]
[BlackElo "1214"]
[WhiteElo "1385"]
[LiveChessVersion "1.4.8"]

1. e4 {[%clk 1:30:57]} e5 {[%clk 1:30:57]} 2. Nf3 {[%clk 1:31:20]} Nc6
{[%clk 1:31:22]} 3. Bb5 {[%clk 1:31:39]} a6 {[%clk 1:31:35]} 4. Ba4
{[%clk 1:32:03]} Nf6 {[%clk 1:31:39]} 5. d3 {[%clk 1:32:23]} b5 {[%clk 1:30:27]}
6. Bb3 {[%clk 1:32:39]} h6 {[%clk 1:30:28]} 7. O-O {[%clk 1:32:56]} Be7
{[%clk 1:29:58]} 8. h3 {[%clk 1:32:49]} O-O {[%clk 1:29:09]} 9. Re1
{[%clk 1:30:15]} d6 {[%clk 1:27:27]} 10. c3 {[%clk 1:26:30]} Na5 {[%clk 1:24:50]}
11. Bc2 {[%clk 1:24:40]} c5 {[%clk 1:20:45]} 12. Be3 {[%clk 1:22:55]} Bb7
{[%clk 1:18:50]} 13. Nbd2 {[%clk 1:22:50]} Qc7 {[%clk 1:08:43]} 14. Rc1
{[%clk 1:21:18]} Rac8 {[%clk 1:06:52]} 15. Qe2 {[%clk 1:20:06]} Rfd8
{[%clk 1:05:18]} 16. Bb1 {[%clk 1:13:05]} Qd7 {[%clk 0:57:54]} 17. Red1
{[%clk 1:08:43]} Rc7 {[%clk 0:56:01]} 18. d4 {[%clk 1:06:59]} cxd4
{[%clk 0:53:40]} 19. Nxd4 {[%clk 1:01:49]} exd4 {[%clk 0:52:46]} 20. Bxd4
{[%clk 1:02:08]} Nc4 {[%clk 0:48:32]} 21. Nxc4 {[%clk 1:00:45]} Rxc4
{[%clk 0:48:08]} 22. Bb6 {[%clk 0:58:26]} Re8 {[%clk 0:46:21]} 23. e5
{[%clk 0:58:27]} Qc6 {[%clk 0:45:17]} 24. Qf1 {[%clk 0:55:50]} Qxb6
{[%clk 0:44:15]} 25. exf6 {[%clk 0:55:36]} Bxf6 {[%clk 0:44:28]} 26. Qd3
{[%clk 0:55:35]} Be4 {[%clk 0:40:45]} 27. Qe2 {[%clk 0:54:08]} Qc6
{[%clk 0:39:14]} 28. Re1 {[%clk 0:54:12]} Kf8 {[%clk 0:38:38]} 29. Qf1
{[%clk 0:51:11]} Bxb1 {[%clk 0:36:43]} 30. Rxb1 {[%clk 0:51:01]} Rce4
{[%clk 0:36:11]} 0-1

[Event "D"]
[Site "?"]
[Date "2018.08.25"]
[Round "4.7"]
[White "Miranowska, Anna"]
[Black "Zaborski, Igor"]
[Result "1-0"]
[BlackElo "1320"]
[WhiteElo "1273"]
[LiveChessVersion "1.4.8"]

1. d4 {[%clk 1:30:59]} Nf6 {[%clk 1:30:51]} 2. Nf3 {[%clk 1:31:18]} g6
{[%clk 1:31:10]} 3. c4 {[%clk 1:31:36]} Bg7 {[%clk 1:31:31]} 4. Bg5
{[%clk 1:31:51]} d6 {[%clk 1:31:47]} 5. e3 {[%clk 1:31:58]} O-O {[%clk 1:32:01]}
6. Be2 {[%clk 1:31:57]} Nc6 {[%clk 1:32:05]} 7. O-O {[%clk 1:30:48]} e5
{[%clk 1:31:47]} 8. dxe5 {[%clk 1:30:51]} dxe5 {[%clk 1:31:16]} 9. Nc3
{[%clk 1:30:47]} Be6 {[%clk 1:27:44]} 10. Qc2 {[%clk 1:27:34]} h6
{[%clk 1:24:20]} 11. Bh4 {[%clk 1:27:44]} g5 {[%clk 1:22:58]} 12. Bg3
{[%clk 1:27:58]} Nh5 {[%clk 1:20:47]} 13. Rad1 {[%clk 1:13:17]} Qc8
{[%clk 1:19:00]} 14. a3 {[%clk 1:05:20]} Nxg3 {[%clk 1:18:28]} 15. hxg3
{[%clk 1:05:42]} a5 {[%clk 1:18:34]} 16. Nd5 {[%clk 1:02:23]} f5 {[%clk 1:15:42]}
17. Kh1 {[%clk 0:50:18]} Rd8 {[%clk 1:14:07]} 18. Rd2 {[%clk 0:48:04]} e4
{[%clk 1:13:39]} 19. Nh2 {[%clk 0:43:06]} Bxd5 {[%clk 1:10:18]} 20. Rxd5
{[%clk 0:43:10]} Rxd5 {[%clk 1:08:11]} 21. cxd5 {[%clk 0:43:34]} Ne7
{[%clk 1:08:03]} 22. Bc4 {[%clk 0:41:14]} Kh8 {[%clk 1:05:21]} 23. Rd1
{[%clk 0:39:49]} Qd7 {[%clk 1:04:47]} 24. Qb3 {[%clk 0:33:50]} b6
{[%clk 1:04:02]} 25. Bb5 {[%clk 0:26:06]} Qd6 {[%clk 1:03:58]} 26. Qc2
{[%clk 0:21:21]} Rd8 {[%clk 1:03:41]} 27. Bc4 {[%clk 0:16:02]} c6
{[%clk 1:03:03]} 28. Qd2 {[%clk 0:12:56]} cxd5 {[%clk 1:02:48]} 29. Bb3
{[%clk 0:13:02]} Qe5 {[%clk 1:01:02]} 30. Rb1 {[%clk 0:11:51]} d4
{[%clk 1:00:47]} 31. exd4 {[%clk 0:11:56]} Qxd4 {[%clk 1:00:31]} 32. Qxd4
{[%clk 0:11:57]} Rxd4 {[%clk 1:00:31]} 33. Be6 {[%clk 0:10:48]} Rd6
{[%clk 0:59:11]} 34. Bc4 {[%clk 0:11:01]} Rd2 {[%clk 0:59:13]} 35. Kg1
{[%clk 0:11:00]} Bd4 {[%clk 0:56:48]} 36. Rf1 {[%clk 0:10:06]} Rxb2
{[%clk 0:54:44]} 37. a4 {[%clk 0:10:09]} Rd2 {[%clk 0:54:31]} 38. Bb3
{[%clk 0:09:06]} Kg7 {[%clk 0:54:38]} 39. Bc4 {[%clk 0:07:54]} Kf6
{[%clk 0:54:30]} 40. g4 {[%clk 0:08:06]} f4 {[%clk 0:54:22]} 41. Bb3
{[%clk 0:07:45]} Ke5 {[%clk 0:51:57]} 42. Bc4 {[%clk 0:07:48]} Nc6
{[%clk 0:52:10]} 43. Bb3 {[%clk 0:07:49]} Nb4 {[%clk 0:52:33]} 44. Bc4
{[%clk 0:08:13]} Nd3 {[%clk 0:52:41]} 45. Bxd3 {[%clk 0:08:35]} exd3
{[%clk 0:52:42]} 46. Nf3+ {[%clk 0:08:56]} Kd5 {[%clk 0:51:42]} 47. Nxd2
{[%clk 0:09:13]} Bc3 {[%clk 0:48:14]} 48. Rd1 {[%clk 0:09:03]} Kd4
{[%clk 0:47:30]} 49. Kf1 {[%clk 0:08:47]} Bb4 {[%clk 0:46:58]} 50. Ke1
{[%clk 0:08:59]} Kc3 {[%clk 0:46:06]} 51. Rc1+ {[%clk 0:08:21]} Kb2
{[%clk 0:44:52]} 52. Kd1 {[%clk 0:08:13]} Ka3 {[%clk 0:44:52]} 53. Nc4+
{[%clk 0:07:09]} Kxa4 {[%clk 0:44:47]} 54. Nxb6+ {[%clk 0:07:31]} Kb3
{[%clk 0:44:15]} 55. Nd5 {[%clk 0:06:56]} Ka3 {[%clk 0:34:01]} 56. Nxb4
{[%clk 0:07:16]} axb4 {[%clk 0:34:22]} 57. Kd2 {[%clk 0:07:36]} Ka2
{[%clk 0:31:35]} 58. Kxd3 {[%clk 0:07:41]} b3 {[%clk 0:31:30]} 59. Kc3
{[%clk 0:07:40]} b2 {[%clk 0:31:19]} 60. Rc2 {[%clk 0:08:06]} 1-0

[Event "D"]
[Site "?"]
[Date "2018.08.25"]
[Round "4.8"]
[White "Cieply, Krzysztof"]
[Black "Masalski, Pawel"]
[Result "1-0"]
[BlackElo "1093"]
[WhiteElo "1400"]
[LiveChessVersion "1.4.8"]

1. e4 {[%clk 1:30:53]} c5 {[%clk 1:30:56]} 2. Nf3 {[%clk 1:31:15]} d6
{[%clk 1:31:21]} 3. d4 {[%clk 1:31:38]} cxd4 {[%clk 1:31:45]} 4. Nxd4
{[%clk 1:31:59]} Nf6 {[%clk 1:32:09]} 5. Nc3 {[%clk 1:32:22]} g6 {[%clk 1:32:23]}
6. Be3 {[%clk 1:32:39]} Bg7 {[%clk 1:32:42]} 7. f3 {[%clk 1:33:02]} O-O
{[%clk 1:32:49]} 8. Qd2 {[%clk 1:33:27]} Nc6 {[%clk 1:32:07]} 9. g4
{[%clk 1:33:48]} Nxg4 {[%clk 1:22:39]} 10. fxg4 {[%clk 1:33:59]} Bxg4
{[%clk 1:22:58]} 11. Be2 {[%clk 1:34:06]} Ne5 {[%clk 1:08:56]} 12. h3
{[%clk 1:34:03]} Bxe2 {[%clk 1:07:52]} 13. Qxe2 {[%clk 1:34:28]} Rc8
{[%clk 1:07:08]} 14. O-O-O {[%clk 1:34:12]} Nc4 {[%clk 1:05:58]} 15. Rhe1
{[%clk 1:33:12]} Nxb2 {[%clk 1:01:54]} 16. Kxb2 {[%clk 1:33:17]} e6
{[%clk 0:40:04]} 17. Rd3 {[%clk 1:33:12]} Qa5 {[%clk 0:37:46]} 18. Qd2
{[%clk 1:32:59]} Rc7 {[%clk 0:36:41]} 19. Nb3 {[%clk 1:32:54]} Qb4
{[%clk 0:36:26]} 20. a3 {[%clk 1:32:55]} Qxe4 {[%clk 0:36:11]} 21. Bb6
{[%clk 1:33:03]} Rxc3 {[%clk 0:34:42]} 22. Rxc3 {[%clk 1:33:26]} Bxc3+
{[%clk 0:33:57]} 23. Qxc3 {[%clk 1:33:52]} Qa4 {[%clk 0:32:53]} 24. Be3
{[%clk 1:34:10]} d5 {[%clk 0:32:54]} 25. Bh6 {[%clk 1:34:20]} 1-0

[Event "D"]
[Site "?"]
[Date "2018.08.25"]
[Round "4.9"]
[White "Ullrich, Karol"]
[Black "Mainka, Anna"]
[Result "1-0"]
[BlackElo "1151"]
[WhiteElo "1303"]
[LiveChessVersion "1.4.8"]

1. e4 {[%clk 1:30:58]} c5 {[%clk 1:30:50]} 2. Nf3 {[%clk 1:31:24]} e6
{[%clk 1:31:13]} 3. d4 {[%clk 1:31:50]} cxd4 {[%clk 1:31:39]} 4. Nxd4
{[%clk 1:32:17]} a6 {[%clk 1:32:03]} 5. Nc3 {[%clk 1:31:51]} Qc7 {[%clk 1:32:08]}
6. Be2 {[%clk 1:30:32]} Nf6 {[%clk 1:32:08]} 7. f3 {[%clk 1:30:21]} Nc6
{[%clk 1:31:10]} 8. a3 {[%clk 1:30:07]} Bc5 {[%clk 1:31:19]} 9. Nb3
{[%clk 1:27:10]} Ba7 {[%clk 1:29:06]} 10. Bg5 {[%clk 1:24:17]} Qb6
{[%clk 1:23:42]} 11. Rf1 {[%clk 1:22:14]} Qc7 {[%clk 1:21:45]} 12. f4
{[%clk 1:21:50]} d6 {[%clk 1:18:04]} 13. Qd2 {[%clk 1:21:17]} Nd7
{[%clk 1:18:07]} 14. O-O-O {[%clk 1:21:18]} O-O {[%clk 1:16:28]} 15. Qxd6
{[%clk 1:19:07]} Qxd6 {[%clk 1:16:43]} 16. Rxd6 {[%clk 1:19:33]} Nc5
{[%clk 1:16:46]} 17. Nxc5 {[%clk 1:18:45]} Bxc5 {[%clk 1:17:09]} 18. Rd3
{[%clk 1:19:07]} b5 {[%clk 1:17:10]} 19. b4 {[%clk 1:19:09]} Bb6 {[%clk 1:16:41]}
20. Rg3 {[%clk 1:17:59]} Kh8 {[%clk 1:16:39]} 21. f5 {[%clk 1:17:51]} exf5
{[%clk 1:16:34]} 22. exf5 {[%clk 1:18:16]} f6 {[%clk 1:16:11]} 23. Be3
{[%clk 1:17:18]} Bc7 {[%clk 1:16:28]} 24. Rh3 {[%clk 1:16:38]} a5
{[%clk 1:16:36]} 25. Bc5 {[%clk 1:16:33]} Re8 {[%clk 1:16:55]} 26. Bxb5
{[%clk 1:16:58]} Bd7 {[%clk 1:16:58]} 27. Rd1 {[%clk 1:14:24]} axb4
{[%clk 1:17:05]} 28. Rxd7 {[%clk 1:11:35]} Bf4+ {[%clk 1:17:12]} 29. Kd1
{[%clk 1:06:45]} Ne5 {[%clk 1:16:35]} 30. Rd4 {[%clk 1:06:20]} Rec8
{[%clk 1:16:08]} 31. Bxb4 {[%clk 1:06:17]} Bh6 {[%clk 1:15:28]} 32. a4
{[%clk 1:03:46]} Rd8 {[%clk 1:15:25]} 33. Rxd8+ {[%clk 1:02:38]} Rxd8+
{[%clk 1:15:50]} 34. Bd3 {[%clk 1:03:04]} Nc4 {[%clk 1:16:05]} 35. Ke1
{[%clk 1:01:35]} Ne3 {[%clk 1:15:50]} 36. Kf2 {[%clk 1:01:19]} Ng4+
{[%clk 1:15:41]} 37. Kg1 {[%clk 0:55:47]} Be3+ {[%clk 1:15:44]} 38. Kf1
{[%clk 0:55:53]} Bg5 {[%clk 1:15:54]} 39. Be2 {[%clk 0:55:06]} Ne3+
{[%clk 1:16:10]} 40. Kf2 {[%clk 0:55:23]} Nxf5 {[%clk 1:16:12]} 41. Rd3
{[%clk 0:55:24]} Re8 {[%clk 1:16:24]} 42. Ne4 {[%clk 0:53:30]} Bh4+
{[%clk 1:16:08]} 43. g3 {[%clk 0:53:53]} Bg5 {[%clk 1:16:21]} 44. Nxg5
{[%clk 0:54:11]} fxg5 {[%clk 1:16:39]} 1-0

[Event "D"]
[Site "?"]
[Date "2018.08.25"]
[Round "4.10"]
[White "Walczak, Marcin"]
[Black "Mrozek, Zofia"]
[Result "0-1"]
[BlackElo "1268"]
[WhiteElo "1152"]
[LiveChessVersion "1.4.8"]

1. d4 {[%clk 1:30:50]} f5 {[%clk 1:30:39]} 2. c4 {[%clk 1:31:12]} e6
{[%clk 1:31:02]} 3. Nf3 {[%clk 1:29:24]} Nf6 {[%clk 1:31:19]} 4. g3
{[%clk 1:28:38]} d5 {[%clk 1:30:39]} 5. Nbd2 {[%clk 1:28:30]} c6 {[%clk 1:30:21]}
6. Bg2 {[%clk 1:26:40]} Bd6 {[%clk 1:30:46]} 7. O-O {[%clk 1:27:04]} Nbd7
{[%clk 1:30:05]} 8. c5 {[%clk 1:27:20]} Bc7 {[%clk 1:29:55]} 9. b4
{[%clk 1:26:45]} e5 {[%clk 1:24:32]} 10. e3 {[%clk 1:22:59]} e4 {[%clk 1:23:45]}
11. Ne1 {[%clk 1:23:11]} O-O {[%clk 1:23:52]} 12. h4 {[%clk 1:20:09]} Re8
{[%clk 1:12:57]} 13. Nc2 {[%clk 1:16:14]} Qe7 {[%clk 1:07:22]} 14. Bh3
{[%clk 1:12:13]} Nf8 {[%clk 1:06:51]} 15. Bb2 {[%clk 1:09:55]} Qf7
{[%clk 1:04:12]} 16. a4 {[%clk 1:06:22]} Rb8 {[%clk 1:02:48]} 17. b5
{[%clk 1:06:08]} N6d7 {[%clk 1:01:42]} 18. Re1 {[%clk 1:02:50]} Qg6
{[%clk 0:59:50]} 19. Bc3 {[%clk 1:01:22]} f4 {[%clk 0:59:01]} 20. exf4
{[%clk 1:00:22]} Bxf4 {[%clk 0:58:39]} 21. Qg4 {[%clk 1:00:11]} Bc7
{[%clk 0:56:43]} 22. Qxg6 {[%clk 1:00:14]} Nxg6 {[%clk 0:57:02]} 23. Nb4
{[%clk 0:59:25]} Ne7 {[%clk 0:54:21]} 24. Nc2 {[%clk 0:56:33]} Nf6
{[%clk 0:54:29]} 25. Nb4 {[%clk 0:56:51]} Bxh3 {[%clk 0:54:47]} 0-1

[Event "D"]
[Site "?"]
[Date "2018.08.25"]
[Round "5.1"]
[White "Barwinska, Ewa"]
[Black "Krupa, Dominik"]
[Result "1-0"]
[BlackElo "1258"]
[WhiteElo "1451"]
[LiveChessVersion "1.4.8"]

1. e4 {[%clk 1:30:58]} e5 {[%clk 1:30:51]} 2. Nf3 {[%clk 1:31:13]} Nc6
{[%clk 1:31:05]} 3. Bb5 {[%clk 1:31:32]} Bc5 {[%clk 1:31:13]} 4. O-O
{[%clk 1:30:33]} Qf6 {[%clk 1:31:06]} 5. c3 {[%clk 1:28:29]} Nge7
{[%clk 1:30:35]} 6. d4 {[%clk 1:28:26]} exd4 {[%clk 1:29:39]} 7. cxd4
{[%clk 1:28:48]} Nxd4 {[%clk 1:28:52]} 8. Nxd4 {[%clk 1:25:15]} Bxd4
{[%clk 1:25:21]} 9. Qc2 {[%clk 1:23:44]} c6 {[%clk 1:24:16]} 10. Bd3
{[%clk 1:24:00]} Ng6 {[%clk 1:22:36]} 11. Kh1 {[%clk 1:20:27]} O-O
{[%clk 1:18:56]} 12. f4 {[%clk 1:17:29]} d6 {[%clk 1:16:19]} 13. Nc3
{[%clk 1:15:22]} Bxc3 {[%clk 1:10:10]} 14. bxc3 {[%clk 1:15:43]} Re8
{[%clk 1:09:47]} 15. Qd2 {[%clk 1:10:31]} c5 {[%clk 1:06:32]} 16. Bb2
{[%clk 1:10:27]} c4 {[%clk 1:06:25]} 17. Bc2 {[%clk 1:09:56]} b6 {[%clk 1:05:33]}
18. Rad1 {[%clk 1:02:34]} Bb7 {[%clk 1:04:12]} 19. f5 {[%clk 0:59:30]} Ne5
{[%clk 1:00:45]} 20. Qxd6 {[%clk 0:55:54]} Ng4 {[%clk 0:57:06]} 21. Qf4
{[%clk 0:46:25]} h5 {[%clk 0:53:42]} 22. Rde1 {[%clk 0:42:58]} Rad8
{[%clk 0:52:39]} 23. Bd1 {[%clk 0:40:33]} g5 {[%clk 0:48:21]} 24. fxg6
{[%clk 0:36:50]} Qxg6 {[%clk 0:44:30]} 25. Bxg4 {[%clk 0:34:28]} hxg4
{[%clk 0:42:44]} 26. e5 {[%clk 0:33:18]} Kg7 {[%clk 0:39:38]} 27. e6
{[%clk 0:30:18]} Rxe6 {[%clk 0:35:49]} 28. Rxe6 {[%clk 0:30:39]} Qxe6
{[%clk 0:35:37]} 29. Qg5+ {[%clk 0:31:01]} Kh7 {[%clk 0:34:49]} 30. Qxd8
{[%clk 0:29:38]} Bxg2+ {[%clk 0:34:12]} 31. Kxg2 {[%clk 0:30:01]} Qe2+
{[%clk 0:34:04]} 32. Rf2 {[%clk 0:30:04]} Qe4+ {[%clk 0:33:51]} 33. Kg3
{[%clk 0:29:22]} Qe3+ {[%clk 0:34:05]} 34. Kg2 {[%clk 0:26:29]} Qe4+
{[%clk 0:34:17]} 35. Kf1 {[%clk 0:26:07]} Qb1+ {[%clk 0:30:49]} 36. Ke2
{[%clk 0:25:33]} Qc2+ {[%clk 0:29:55]} 37. Ke3 1-0

[Event "D"]
[Site "?"]
[Date "2018.08.25"]
[Round "5.2"]
[White "Sokol, Maria"]
[Black "Bednarczyk, Mateusz"]
[Result "1/2-1/2"]
[BlackElo "1451"]
[WhiteElo "1304"]
[LiveChessVersion "1.4.8"]

1. e4 c5 2. Nf3 e6 3. d4 cxd4 4. Nxd4 Nf6 5. Nc3 Nc6 6. Nxc6 bxc6 7. Bd3 Qc7 8.
O-O Be7 9. Kh1 O-O 10. f4 d5 11. e5 Nd7 12. Qh5 g6 13. Qh3 Nc5 14. Be3 Nxd3 15.
cxd3 f6 16. d4 f5 17. a3 Rb8 18. Rab1 Ba6 19. Rfd1 Rb3 20. Bf2 Rfb8 21. Rd2 Bxa3
22. bxa3 Rxb1+ 23. Nxb1 Rxb1+ 24. Bg1 Qa5 25. Qe3 Ra1 26. Rb2 Qxa3 27. Rb8+ Kg7
28. Qxa3 Rxa3 29. Re8 Kf7 30. Rh8 Bf1 31. Bf2 Ra1 32. h3 Bd3+ 33. Kh2 Ra2 34. Kg1
Ra1+ 35. Kh2 Rf1 36. Kg3 h5 37. h4 a5 38. Rh7+ Kf8 39. Ra7 Ra1 40. Be3 a4 41. Bd2
Ra2 42. Bb4+ Kg8 43. Kf3 Be4+ 44. Ke3 Rxg2 45. Rxa4 Rg3+ 46. Ke2 Rg4 47. Be7 Rg2+
48. Kf1 Rg4 49. Bg5 1/2-1/2

[Event "D"]
[Site "?"]
[Date "2018.08.25"]
[Round "5.3"]
[White "Chmiel, Pawel"]
[Black "Miranowska, Anna"]
[Result "0-1"]
[BlackElo "1273"]
[WhiteElo "1220"]
[LiveChessVersion "1.4.8"]

1. d4 {[%clk 1:30:57]} d5 {[%clk 1:30:57]} 2. Nf3 {[%clk 1:31:20]} Nf6
{[%clk 1:31:19]} 3. e3 {[%clk 1:30:42]} e6 {[%clk 1:28:04]} 4. c4
{[%clk 1:30:45]} Be7 {[%clk 1:27:58]} 5. Bd3 {[%clk 1:30:33]} O-O
{[%clk 1:26:35]} 6. O-O {[%clk 1:30:32]} dxc4 {[%clk 1:26:32]} 7. Bxc4
{[%clk 1:30:30]} a6 {[%clk 1:26:43]} 8. Nc3 {[%clk 1:30:25]} b5 {[%clk 1:26:46]}
9. Bd3 {[%clk 1:30:23]} Bb7 {[%clk 1:26:55]} 10. a3 {[%clk 1:30:17]} c5
{[%clk 1:25:02]} 11. dxc5 {[%clk 1:29:42]} Bxc5 {[%clk 1:25:20]} 12. Be2
{[%clk 1:29:55]} Nbd7 {[%clk 1:17:53]} 13. b4 {[%clk 1:26:18]} Be7
{[%clk 1:15:47]} 14. Bb2 {[%clk 1:24:59]} Nb6 {[%clk 1:15:53]} 15. Qc2
{[%clk 1:23:43]} Qc7 {[%clk 1:13:29]} 16. Rac1 {[%clk 1:23:25]} Rac8
{[%clk 1:13:03]} 17. Qb1 {[%clk 1:23:10]} Qb8 {[%clk 1:10:46]} 18. Rfd1
{[%clk 1:20:44]} Rfd8 {[%clk 1:10:30]} 19. h3 {[%clk 1:20:18]} Nbd5
{[%clk 0:59:30]} 20. Nxd5 {[%clk 1:20:13]} Nxd5 {[%clk 0:53:43]} 21. Be5
{[%clk 1:15:19]} Bd6 {[%clk 0:40:01]} 22. Rxc8 {[%clk 1:14:47]} Bxc8
{[%clk 0:31:10]} 23. Qb2 {[%clk 1:14:41]} Bxe5 {[%clk 0:30:48]} 24. Nxe5
{[%clk 1:15:01]} 0-1

[Event "D"]
[Site "?"]
[Date "2018.08.25"]
[Round "5.4"]
[White "Sleczka, Krzysztof"]
[Black "Szuber, Dawid"]
[Result "0-1"]
[BlackElo "1349"]
[WhiteElo "1214"]
[LiveChessVersion "1.4.8"]

1. e4 c5 2. Nf3 Nc6 3. d4 cxd4 4. Nxd4 e5 5. Nb5 a6 6. Nd6+ Bxd6 7. Qxd6 Qe7 8.
Qxe7+ Ngxe7 9. Nc3 d5 10. exd5 Nb4 11. Bd3 Nexd5 12. Nxd5 Nxd5 13. Bd2 Be6 14.
O-O-O O-O 15. Rhe1 f6 16. f4 Bg4 17. Be2 Bxe2 18. Rxe2 exf4 19. Re4 Rfe8 20. Rde1
Ne3 21. Rxf4 Nxg2 22. Rxe8+ Rxe8 23. Rg4 Ne3 24. Bxe3 Rxe3 25. Rd4 Re7 26. Kd2
Kf7 27. Rd6 Re6 28. Rd7+ Re7 29. Rd6 g5 30. Kd3 Kg6 31. c4 h5 32. Rd5 g4 33. b4
f5 34. b5 axb5 35. cxb5 h4 36. Rd8 g3 37. hxg3 hxg3 38. Rg8+ Rg7 39. Rxg7+ Kxg7
40. Ke3 f4+ 41. Kf3 Kf7 42. a4 Ke7 43. a5 Kd7 44. a6 bxa6 45. bxa6 Kc7 46. a7 Kb7
0-1